Mémoire des événements 1940-1970 - Statistiques

Statistiques générales
  • Ce quiz a été pris 74 fois
  • Le résultat moyen est 12 sur 31
Statistiques - réponses
Question Réponse % Correct
1941 Attaque de Pearl Harbor
100%
1945 Fin de la 2e Guerre mondiale
89%
1947 Annonce du plan Marshall
78%
1944 Débarquement de Normandie
78%
1940 Appel du 18 juin
67%
1951 Mort de Philippe Pétain
67%
1962 Indépendance de l'Algérie
56%
1970 Mort de de Gaulle
56%
1958 Retour au pouvoir de de Gaulle
56%
1965 1ère élection présidentielle au suffrage universel
44%
1968 Evénements de Mai
44%
1961 Putsch des généraux à Alger
44%
1942 Rafle du vélodrome d'hiver
44%
1954 Vague de froid et appel de l'Abbé Pierre
44%
1950 Déclaration Schuman sur l'Europe
33%
1959 De Gaulle devient président de la République
33%
1953 Election de René Coty
33%
1948 Indépendance d'Israël
33%
1956 Insurrection de Budapest
33%
1966 Dernier concert des Beatles
22%
1969 Election de Georges Pompidou
22%
1952 Mort de George VI d'Angleterre
22%
1955 Présentation de la DS Citroën
22%
1957 Signature du Traité de Rome
22%
1964 Sortie des Parapluies de Cherbourg
22%
1943 Soulévement du ghetto de Varsovie
22%
1946 Début de la guerre d'Indochine
11%
1960 Entrée en vigueur du Nouveau Franc
11%
1967 Exposition Toutankhamon
11%
1949 Mort de Marcel Cerdan
11%
1963 Morts de Cocteau et Piaf
0%
Aucun quiz correspondant
Distribution des résultats
% des personnes avec chaque résultat
Percentile par nombre de réponses
Votre historique - résultats
Vous n’avez pas pris ce quiz